000
00246nam a2200097Ia 4500
001
810141
005
20250826171515.0
008
250824s9999 xx 000 0 und d
245
0
_a
KELOĞLAN MASALLARI
_c
MÜNİRE DANİŞ
260
_b
TİMAŞ YAYINLARI
999
_c
810141
_d
810141